MARC details
| 000 -CABECERA |
| campo de control de longitud fija |
01168nam a22002657a 4500 |
| 005 - FECHA Y HORA DE LA ÚLTIMA TRANSACCIÓN |
| campo de control |
20240710063630.0 |
| 007 - CAMPO FIJO DE DESCRIPCIÓN FÍSICA--INFORMACIÓN GENERAL |
| campo de control de longitud fija |
cr |||aaa||||| |
| 008 - ELEMENTOS DE LONGITUD FIJA--INFORMACIÓN GENERAL |
| campo de control de longitud fija |
240709s2015 mx|d||||os||| 000 0 spa d |
| 020 ## - NÚMERO INTERNACIONAL NORMALIZADO PARA LIBROS |
| Número Internacional Estándar del Libro |
9786070270079 |
| 040 ## - FUENTE DE LA CATALOGACIÓN |
| Centro catalogador/agencia de origen |
MX-MxUPN |
| Lengua de catalogación |
spa |
| Centro/agencia transcriptor |
MX-MxUPN |
| Normas de descripción |
aacr2 |
| 041 0# - CÓDIGO DE IDIOMA |
| Código de lengua del texto/banda sonora o título independiente |
spa |
| 050 #4 - SIGNATURA TOPOGRÁFICA DE LA BIBLIOTECA DEL CONGRESO |
| Número de clasificación |
JC599 M6 |
| 100 1# - ASIENTO PRINCIPAL--NOMBRE PERSONAL |
| 9 (RLIN) |
35960 |
| Nombre de persona |
Barreda Solórzano, Luis de la, |
| Fechas asociadas al nombre |
1950- |
| 245 13 - MENCIÓN DE TÍTULO |
| Título |
La sociedad mexicana y los derechos humanos : |
| Resto del título |
encuesta nacional de derechos humanos, discriminación y grupos vulnerables |
| Medio |
[recurso electrónico en línea] |
| 250 ## - MENCIÓN DE EDICIÓN |
| Mención de edición |
Primera edición |
| 260 ## - PUBLICACIÓN, DISTRIBUCIÓN, ETC. |
| Lugar de publicación, distribución, etc. |
México, D.F. : |
| Nombre del editor, distribuidor, etc. |
Universidad Nacional Autónoma de México, Instituto de Investigaciones Jurídicas , |
| Fecha de publicación, distribución, etc. |
2015 |
| 300 ## - DESCRIPCIÓN FÍSICA |
| Extensión |
1 recurso en línea (298 páginas) : |
| Otras características físicas |
gráficas |
| 490 0# - MENCIÓN DE SERIE |
| Mención de serie |
Los mexicanos vistos por sí mismos. Los grandes temas nacionales |
| 506 0# - NOTA DE RESTRICCIONES AL ACCESO |
| Limitaciones de acceso |
Acceso abierto. |
| 650 #4 - ASIENTO SECUNDARIO DE MATERIA - TERMINO TEMATICO |
| Término de materia o nombre geográfico como elemento de entrada |
Derechos humanos |
| Subdivisión geográfica |
México |
| Subdivisión de forma |
Estadística |
| 9 (RLIN) |
24347 |
| 650 #4 - ASIENTO SECUNDARIO DE MATERIA - TERMINO TEMATICO |
| 9 (RLIN) |
52708 |
| Término de materia o nombre geográfico como elemento de entrada |
Discriminación |
| Subdivisión geográfica |
México |
| Subdivisión de forma |
Estadística |
| 856 40 - LOCALIZACIÓN Y ACCESO ELECTRÓNICOS |
| Identificador Uniforme del Recurso |
<a href="http://www.losmexicanos.unam.mx/derechoshumanos/libro/html5forpc.html?page=4&bbv=1&pcode=">http://www.losmexicanos.unam.mx/derechoshumanos/libro/html5forpc.html?page=4&bbv=1&pcode=</a> |
| 902 ## - ELEMENTOS DE DATOS B LOCAL, LDB (RLIN) |
| Creó |
VíctorGodínez/090724 |
| 942 ## - ELEMENTOS DE PUNTO DE ACCESO ADICIONAL (KOHA) |
| Fuente del sistema de clasificación o colocación |
Library of Congress Classification |
| Tipo de ítem Koha |
Libro Electrónico |